01465nam a22003617a 4500003000500000005001700005008004100022010001000063011001000073035001000083040000900093090001000102100005500112245008700167260004000254300002200294502009300316590003700409590004100446590004100487590004100528590004200569650003100611650003500642650004800677901000700725942000900732949004300741949004800784999001700832952012600849952012800975CHAP20220329140359.0971013s1986 r 00010 d a51161 a52133 a56283 cCHAP aTesis00aRodríguez Somarribas, Eduardo Ezequías.998915 aPropagación in vitro de limón mexicano (Citrus aurantifolia (Christm) Swingle) aChapingo, Méx. :bEl autor,c1986 a87 h.b; gráfs. aTesis (M. D C. Esp. en Fruticultura) -- Colegio de Postgraduados. Centro de Fruticultura aALEPHb10c20130110lUCH01h1326 aBATCH-UPDb10c20130110lUCH01h0748 aBATCH-UPDb10c20130410lUCH01h0428 aBATCH-UPDb10c20130914lUCH01h1115 aCONVERSIONb10c20130109lUCH01h132814aCultivo de tejidos.93021314aLimónxPropagación.96684714aPropagación de árboles frutales.992415 aBK cFOLL bBCcTESd-123010eTS1h18108i56283si bBCcTESd-123011eTS2fc.2h18109i56283si c51161d51161 00102local4053708TESISaBCbBCcPA_TESISd2019-12-31fTESISl0p-123011r2019-12-31 00:00:00tc.2w2019-12-31yTESIS 00102local4051708TESISaBCbBCcPA_TESISd2019-12-31fTESISl0oTesisp-123010r2019-12-31 00:00:00w2019-12-31yTESIS